00792nam a22002177a 45000010005000000030006000050050017000110080041000280200018000690400029000870500021001160820013001371000023001502450047001732600061002203000049002815050011003305200193003415210019005345210021005537741FISKH20250801153246.0250801b cb ||||| |||| 00| 0 eng d a9781404257627 aFISKHbengcFISKHdFISKH aPZ10.W1295 .O366 a567.9129 aO'Donnell , Kerri  aA giraffe can laugh / cBy Kerri O'Donnell aNew York : bRosen Classroom Books & Materials , c2007. a8 pages : bcolor illustrations ; c21 cm .  aAA  aFeaturing high-frequency words, pictures that are tightly correlated to the text, and a charming story, this leveled fiction reader will help emerging readers built early literacy skills. 8 a10 bLexile 8 aAA bRaz-Plus